000 01162nam0a2200349 4500
001 RU\NLR\bibl\85869
005 20260406145939.0
010 _a5-7947-0008-4
_9330000
020 _aRU
_b98-28399
_9Книжная летопись
021 _aRU
_b98-18711
_9891
035 _a(NLR Aleph) 000083873
090 _a468072
_c468072
100 _a20000410d1998 |||y0rusy50 ca
101 0 _arus
102 _aRU
105 _aa |||||||||
200 1 _aКошкин дом
_e[Сказка
_eДля дошк. возраста]
_fС. Маршак
_gХудож. Б. Тржемецкий
210 _aНазрань
_cАстрель
_d1998
215 _a93,[2] с.
_cцв. ил.
_d23
675 _a882-93Маршак
_v3
_zrus
686 _a17
_2rugasnti
686 _a84(2Рос-Рус)
_2rubbk
686 _aШ9(2)60=Р7-5
700 1 _4070
_8rus
_7ca
_aМаршак
_bС. Я.
_f1887-1964
_gСамуил Яковлевич
_3RU\NLR\auth\774792
_9114767
801 0 _aRU
_bRKP
_c20000410
_gPSBO
801 1 _aRU
_bRKP
_c20000410
801 2 _aRU
_bNLR
_c20090930
_grcr
852 _aNLR
_j98-8/651
942 _cBOOK
980 _aNB